|
|
|
|
| LEADER |
00000nam0a2200000 4500 |
| 001 |
379124 |
| 005 |
20231102013049.0 |
| 035 |
|
|
|a (RuTPU)RU\TPU\retro\36586
|
| 090 |
|
|
|a 379124
|
| 100 |
|
|
|a 20230629d1959 k y0rusy50 ca
|
| 101 |
0 |
|
|a rus
|
| 102 |
|
|
|a UA
|
| 105 |
|
|
|a a z 001zy
|
| 200 |
1 |
|
|a Расчет, конструирование и исследование передач. [3]
|e труды конференции по вопросам расчета, конструирования и исследований зубчатых передач и передач гибкой связью, 23-28 сентября, 1957 г., Одесса
|f Одесский политехнический институт ; отв. ред. К. И. Заблонский
|
| 210 |
|
|
|a Одесса
|c Издание Одесского политехнического института
|d 1959
|
| 215 |
|
|
|a 125 с.
|c ил.
|
| 320 |
|
|
|a Библиогр. в конце ст.
|
| 606 |
1 |
|
|a Зубчатые передачи
|2 stltpush
|3 (RuTPU)RU\TPU\subj\72853
|9 86240
|
| 610 |
1 |
|
|a заедание
|
| 610 |
1 |
|
|a испытания
|
| 610 |
1 |
|
|a зубья
|
| 610 |
1 |
|
|a жесткость
|
| 610 |
1 |
|
|a зацепление Новикова
|
| 610 |
1 |
|
|a конструирование
|
| 675 |
|
|
|a 621.833
|v 4
|
| 702 |
|
1 |
|a Заблонский
|b К. И.
|4 340
|
| 712 |
0 |
2 |
|a Одесский политехнический институт
|2 stltpush
|3 (RuTPU)RU\TPU\col\13993
|9 25846
|
| 801 |
|
1 |
|a RU
|b 63413507
|c 20230629
|
| 801 |
|
2 |
|a RU
|b 63413507
|c 20230629
|g RCR
|
| 942 |
|
|
|c BK
|